[Event "Saratov Regional-ch"]
[Site "Saratov"]
[Date "2014.12.09"]
[Round "4"]
[White "Shlegin, Stanislav"]
[Black "Aseeva, Anastasia"]
[Result "1-0"]
[WhiteElo "2336"]
[BlackElo "1983"]
[PlyCount "113"]
[EventDate "2014.12.06"]
[EventType "swiss"]
[EventRounds "9"]
[EventCountry "RUS"]
[SourceTitle "CBM 164 Extra"]
[Source "ChessBase"]
[SourceDate "2015.03.02"]
[SourceVersion "1"]
[SourceVersionDate "2015.03.02"]
[SourceQuality "1"]

1. c4 Nf6 2. Nc3 c6 3. Nf3 d5 4. e3 e6 5. b3 Bd6 6. Bb2 Nbd7 7. Qc2 a6 8. Be2 Qe7 9. d4 0-0 10. c5 Bc7 11. b4 e5 12. Nd2 Re8 13. 0-0-0 Nf8 14. Nb3 Bg4 15. Bxg4 Nxg4 16. h3 Nf6 17. Kb1 N6d7 18. e4 dxe4 19. d5 cxd5 20. Nxd5 Qd8 21. Qxe4 Rb8 22. Rhe1 Nf6 23. Qf3 Nxd5 24. Rxd5 Qg5 25. Red1 Qg6+ 26. Ka1 f6 27. Nd2 e4 28. Qb3 Kh8 29. g4 Re7 30. Nc4 Qf7 31. Ne3 Qe6 32. Nf5 Ree8 33. g5 Be5 34. Bxe5 fxe5 35. Nd6 Re7 36. Nxe4 Rf7 37. R5d3 Qxb3 38. Rxb3 Ne6 39. Re3 Nd4 40. Kb2 Kg8 41. a4 Rf4 42. Kc3 Nf5 43. Ree1 Rf3+ 44. Rd3 Rxd3+ 45. Kxd3 Rd8+ 46. Kc3 Rc8 47. Nd2 a5 48. Rxe5 axb4+ 49. Kxb4 Nd4 50. Rd5 Ne6 51. Ne4 h6 52. gxh6 gxh6 53. Rd6 Nc7 54. Rd7 Kf8 55. Kc4 Ne6 56. Rxb7 Nf4 57. Nd6 1-0

[Event "Saratov Shestoperov Memorial"]
[Site "Saratov"]
[Date "2012.08.31"]
[Round "7"]
[White "Lysenkov, Alexandr"]
[Black "Shlegin, Stanislav"]
[Result "1/2-1/2"]
[WhiteElo "2047"]
[BlackElo "2311"]
[PlyCount "114"]
[EventDate "2012.08.25"]
[EventType "swiss"]
[EventRounds "9"]
[EventCountry "RUS"]
[SourceTitle "CBM 150 Extra"]
[Source "ChessBase"]
[SourceDate "2012.10.19"]
[SourceVersion "1"]
[SourceVersionDate "2012.10.19"]
[SourceQuality "1"]

1. Nf3 Nf6 2. d4 g6 3. c4 Bg7 4. Nc3 0-0 5. Bf4 c5 6. e3 cxd4 7. exd4 d5 8. Be2 dxc4 9. Bxc4 Nbd7 10. 0-0 Nb6 11. Be2 Be6 12. Be5 Rc8 13. Re1 Bc4 14. Rc1 Bxe2 15. Qxe2 Nbd5 16. h3 Bh6 17. Rb1 e6 18. Nb5 a6 19. Nd6 Rc7 20. Ne4 Rc6 21. Nc5 Qc8 22. a3 Nd7 23. Nxd7 Qxd7 24. Qe4 f6 25. Bg3 Re8 26. Qh4 Bg7 27. Re2 Ne7 28. Rbe1 Qd5 29. Qg4 Kf7 30. Qf4 Nf5 31. Qd2 Bh6 32. Bf4 g5 33. Be3 Kg7 34. Nh2 Kg8 35. Nf3 Bg7 36. Rd1 h5 37. Qd3 Rd8 38. Qd2 Kf7 39. Qe1 Rdc8 40. Qb4 b6 41. Rde1 g4 42. hxg4 hxg4 43. Nh2 a5 44. Qd2 g3 45. Nf1 gxf2+ 46. Bxf2 Bh6 47. Qd3 Rg8 48. Qh3 Rg6 49. Nh2 Nxd4 50. Bxd4 Qxd4+ 51. Kh1 Qd5 52. Ng4 Qg5 53. Qf3 Qh5+ 54. Kg1 Qc5+ 55. Kf1 Qf5 56. Qxf5 exf5 57. Re7+ Kg8 1/2-1/2

[Event "Saratov Shestoperov Memorial"]
[Site "Saratov"]
[Date "2012.08.30"]
[Round "6"]
[White "Shlegin, Stanislav"]
[Black "Petukhov, Dmitry"]
[Result "1-0"]
[WhiteElo "2311"]
[BlackElo "2363"]
[PlyCount "77"]
[EventDate "2012.08.25"]
[EventType "swiss"]
[EventRounds "9"]
[EventCountry "RUS"]
[SourceTitle "CBM 150 Extra"]
[Source "ChessBase"]
[SourceDate "2012.10.19"]
[SourceVersion "1"]
[SourceVersionDate "2012.10.19"]
[SourceQuality "1"]

1. e4 c5 2. Nf3 d6 3. d4 cxd4 4. Nxd4 Nf6 5. f3 e6 6. c4 Nbd7 7. Nc3 a6 8. Be2 Be7 9. Be3 0-0 10. 0-0 Qc7 11. Qd2 b6 12. Rac1 Bb7 13. a3 Rac8 14. b4 Qb8 15. Rfd1 Kh8 16. Kh1 Rg8 17. Nb3 Ne5 18. Na4 b5 19. Nb6 Rcd8 20. Na5 g5 21. Nxb7 Qxb7 22. cxb5 axb5 23. Qc3 Rb8 24. Bxb5 g4 25. f4 Ng6 26. Bc6 Qc7 27. Nd7 e5 28. Nxf6 Bxf6 29. f5 Ne7 30. Bd5 Nxd5 31. Qxc7 Nxc7 32. Rxc7 Ra8 33. Ba7 Rgd8 34. Rxf7 Bg5 35. b5 Kg8 36. Rc7 h5 37. g3 h4 38. gxh4 Bxh4 39. Rg1 1-0

[Event "Saratov Shestoperov Memorial"]
[Site "Saratov"]
[Date "2012.08.25"]
[Round "2"]
[White "Shlegin, Stanislav"]
[Black "Izbosarov, Marat"]
[Result "1-0"]
[WhiteElo "2311"]
[BlackElo "1959"]
[PlyCount "55"]
[EventDate "2012.08.25"]
[EventType "swiss"]
[EventRounds "9"]
[EventCountry "RUS"]
[SourceTitle "CBM 150 Extra"]
[Source "ChessBase"]
[SourceDate "2012.10.19"]
[SourceVersion "1"]
[SourceVersionDate "2012.10.19"]
[SourceQuality "1"]

1. Nf3 Nf6 2. c4 g6 3. Nc3 Bg7 4. g3 0-0 5. Bg2 d5 6. cxd5 Nxd5 7. 0-0 Nb6 8. d4 Nc6 9. e3 Re8 10. Qe2 a5 11. Rd1 a4 12. Ne5 Na5 13. f4 c6 14. Ne4 Bf5 15. Bd2 Bxe5 16. dxe5 Qc8 17. Bf3 h5 18. Rac1 Be6 19. Nc3 Nac4 20. Be1 f6 21. exf6 exf6 22. Ne4 Rf8 23. Bb4 f5 24. Ng5 Re8 25. b3 axb3 26. axb3 Na3 27. Qb2 Nb5 28. Qf6 1-0

[Event "Saratov-ch"]
[Site "Saratov"]
[Date "2012.03.01"]
[Round "6"]
[White "Shlegin, Stanislav"]
[Black "Eramian, Gamlet"]
[Result "0-1"]
[WhiteElo "2344"]
[BlackElo "2072"]
[PlyCount "88"]
[EventDate "2012.02.24"]
[EventType "swiss"]
[EventRounds "9"]
[EventCountry "RUS"]
[SourceTitle "CBM 147 Extra"]
[Source "ChessBase"]
[SourceDate "2012.04.24"]
[SourceVersion "1"]
[SourceVersionDate "2012.04.24"]
[SourceQuality "1"]

1. e4 c5 2. Nf3 g6 3. c3 d5 4. exd5 Qxd5 5. d4 cxd4 6. Qxd4 Qxd4 7. Nxd4 Bd7 8. Nb5 Bxb5 9. Bxb5+ Nc6 10. Be3 Bg7 11. Nd2 Nf6 12. Nb3 0-0 13. 0-0-0 Rfc8 14. Nc5 a6 15. Be2 Rc7 16. Bf3 Rac8 17. Nxb7 Rxb7 18. Bxc6 Rxc6 19. Rd8+ Bf8 20. Bh6 Nd7 21. Rd1 Rd6 22. Rxd6 exd6 23. Kc2 f5 24. Bxf8 Nxf8 25. Rxd6 Ra7 26. b4 Kf7 27. Kb3 Ne6 28. a4 Ke7 29. Rb6 Nf4 30. g3 Nh3 31. f4 Ng1 32. b5 axb5 33. axb5 Nf3 34. h4 Nd2+ 35. Kb4 Rc7 36. h5 Rc4+ 37. Ka5 Nb3+ 38. Ka6 Nc5+ 39. Ka7 Ra4+ 40. Ra6 Nxa6 41. bxa6 Rc4 42. h6 Rxc3 43. Kb7 Rb3+ 44. Kc7 Rxg3 0-1

[Event "Moscow op U26"]
[Site "Moscow"]
[Date "2012.02.04"]
[Round "8"]
[White "Matveeva, Olga"]
[Black "Shlegin, Stanislav"]
[Result "0-1"]
[WhiteElo "2230"]
[BlackElo "2344"]
[PlyCount "126"]
[EventDate "2012.01.28"]
[EventType "swiss"]
[EventRounds "9"]
[EventCountry "RUS"]
[SourceTitle "EXT 2013"]
[Source "ChessBase"]
[SourceDate "2012.11.22"]
[SourceVersion "1"]
[SourceVersionDate "2012.11.22"]
[SourceQuality "1"]

1. d4 Nf6 2. c4 e6 3. Nc3 Bb4 4. e3 d5 5. Nf3 0-0 6. Bd3 b6 7. 0-0 Bb7 8. cxd5 exd5 9. a3 Bd6 10. b4 Re8 11. Bb2 a5 12. Qb3 Nbd7 13. Rfc1 c6 14. bxa5 Rxa5 15. a4 Ne4 16. Ba3 Bc7 17. Bb4 Ra8 18. Qc2 Ndf6 19. Ne2 Ng4 20. Be1 Qd6 21. h3 Ngf6 22. Rab1 Ra7 23. Bb4 Qe6 24. Nc3 Nxc3 25. Bxc3 Ne4 26. Bb4 Rea8 27. a5 bxa5 28. Ba3 h6 29. Bxe4 dxe4 30. Nd2 Ba6 31. Nxe4 Bb5 32. Nc3 Bc4 33. Bc5 Ra6 34. Rb7 Qc8 35. Rbb1 a4 36. Ba3 Qe8 37. Ne4 Bd5 38. Nc5 R6a7 39. e4 Bb3 40. Qd3 Bd6 41. Bb2 Rb8 42. Ra1 Raa8 43. Qc3 Bxc5 44. dxc5 f6 45. Qg3 Qe6 46. f4 Kh8 47. Re1 Bc2 48. f5 Qc4 49. Qc3 Qxc3 50. Bxc3 Rb3 51. Bd4 Rb4 52. Ra2 Bd3 53. Ba1 Rxe4 54. Rxe4 Bxe4 55. g4 Bd5 56. Re2 Rb8 57. Re1 Kg8 58. h4 Rb4 59. g5 hxg5 60. hxg5 Rg4+ 61. Kf2 Rxg5 62. Re8+ Kf7 63. Ra8 Rxf5+ 0-1

[Event "Moscow op U26"]
[Site "Moscow"]
[Date "2012.01.30"]
[Round "3"]
[White "Rjanova, Valery"]
[Black "Shlegin, Stanislav"]
[Result "1/2-1/2"]
[WhiteElo "2235"]
[BlackElo "2344"]
[PlyCount "58"]
[EventDate "2012.01.28"]
[EventType "swiss"]
[EventRounds "9"]
[EventCountry "RUS"]
[SourceTitle "EXT 2013"]
[Source "ChessBase"]
[SourceDate "2012.11.22"]
[SourceVersion "1"]
[SourceVersionDate "2012.11.22"]
[SourceQuality "1"]

1. e4 e5 2. Nf3 Nc6 3. Bb5 a6 4. Ba4 Nf6 5. 0-0 b5 6. Bb3 Be7 7. Re1 0-0 8. h3 d6 9. c3 Na5 10. Bc2 c5 11. d4 Qc7 12. Nbd2 Re8 13. Nf1 h6 14. d5 c4 15. N3h2 Nb7 16. Ng3 Nc5 17. Nh5 Ncd7 18. Ng3 Nc5 19. Nh5 Nxh5 20. Qxh5 Bf8 21. Re3 g6 22. Rg3 Bg7 23. Qe2 Qe7 24. Be3 Kh7 25. Qd2 Nd7 26. a4 Bb7 27. Ng4 Qf8 28. Rf1 h5 29. Nh2 Bh6 1/2-1/2

[Event "Saratov Region-ch"]
[Site "Saratov"]
[Date "2011.06.04"]
[Round "4"]
[White "Shlegin, Stanislav"]
[Black "Petukhov, Dmitry"]
[Result "1/2-1/2"]
[WhiteElo "2322"]
[BlackElo "2322"]
[PlyCount "23"]
[EventDate "2011.06.01"]
[EventType "swiss"]
[EventRounds "9"]
[EventCountry "RUS"]
[SourceTitle "EXT 2012"]
[Source "ChessBase"]
[SourceDate "2011.11.24"]
[SourceVersion "1"]
[SourceVersionDate "2011.11.24"]
[SourceQuality "1"]

1. e4 e5 2. Nf3 Nc6 3. Bc4 Bc5 4. c3 Nf6 5. d3 d6 6. Bb3 Bb6 7. h3 Be6 8. Bc2 Ne7 9. Nbd2 Ng6 10. Nf1 Nh5 11. g3 0-0 12. Be3 1/2-1/2

[Event "Saratov Region-ch"]
[Site "Saratov"]
[Date "2011.06.03"]
[Round "3"]
[White "Shaposhnikov, Evgeny"]
[Black "Shlegin, Stanislav"]
[Result "0-1"]
[WhiteElo "2532"]
[BlackElo "2322"]
[PlyCount "62"]
[EventDate "2011.06.01"]
[EventType "swiss"]
[EventRounds "9"]
[EventCountry "RUS"]
[SourceTitle "EXT 2012"]
[Source "ChessBase"]
[SourceDate "2011.11.24"]
[SourceVersion "1"]
[SourceVersionDate "2011.11.24"]
[SourceQuality "1"]

1. e4 c5 2. Nf3 d6 3. Bb5+ Nd7 4. d4 cxd4 5. Qxd4 a6 6. Bxd7+ Bxd7 7. Bg5 Nf6 8. Nc3 Rc8 9. 0-0-0 e5 10. Qd3 Rxc3 11. Qxc3 Nxe4 12. Qe3 Nxg5 13. Qxg5 Qf6 14. Qe3 Be7 15. h4 Bc6 16. Ng5 0-0 17. f3 d5 18. Rhe1 h6 19. Nh3 Bd6 20. Qf2 Re8 21. Kb1 Bc7 22. Re2 e4 23. Ree1 Qe5 24. f4 Qe7 25. Ng1 e3 26. Qg3 Ba5 27. c3 Qe4+ 28. Ka1 Bb5 29. Ne2 Bc4 30. f5 Qxf5 31. Nf4 Qe4 0-1

[Event "Saratov Region-ch"]
[Site "Saratov"]
[Date "2011.06.02"]
[Round "2"]
[White "Shlegin, Stanislav"]
[Black "Baitzurov, Denis"]
[Result "1-0"]
[WhiteElo "2322"]
[BlackElo "2063"]
[PlyCount "95"]
[EventDate "2011.06.01"]
[EventType "swiss"]
[EventRounds "9"]
[EventCountry "RUS"]
[SourceTitle "EXT 2012"]
[Source "ChessBase"]
[SourceDate "2011.11.24"]
[SourceVersion "1"]
[SourceVersionDate "2011.11.24"]
[SourceQuality "1"]

1. e4 c6 2. d4 d5 3. e5 Bf5 4. Nf3 e6 5. Be2 c5 6. Be3 cxd4 7. Nxd4 Ne7 8. Bg5 Qa5+ 9. Nc3 Nbc6 10. Bb5 a6 11. Bxe7 axb5 12. Bxf8 Nxd4 13. Qxd4 Rxf8 14. b4 Qa6 15. a4 Bxc2 16. Nxb5 Kd7 17. 0-0 Bxa4 18. Nd6 f6 19. Ne4 Ke7 20. exf6+ gxf6 21. Qc5+ Kf7 22. Qc7+ Kg8 23. Nc5 Qc6 24. Qxc6 Bxc6 25. Nxe6 Rxa1 26. Rxa1 Re8 27. Nd4 Re4 28. Rd1 Ba4 29. f3 Bxd1 30. fxe4 dxe4 31. Kf2 Kf7 32. Ke3 f5 33. Nxf5 Ke6 34. Kf4 Ba4 35. Ne3 Bc6 36. g4 Kf6 37. h4 Ke6 38. h5 Kf6 39. g5+ Kf7 40. Nf5 b6 41. Nd6+ Ke6 42. Nxe4 Be8 43. Nf6 Bf7 44. h6 Bg6 45. Ng4 Bb1 46. Ne5 Bc2 47. g6 hxg6 48. Kg5 1-0

[Event "Moscow op-C"]
[Site "Moscow"]
[Date "2011.01.31"]
[Round "3"]
[White "Shlegin, Stanislav"]
[Black "Kretov, Evgenij"]
[Result "1-0"]
[WhiteElo "2326"]
[BlackElo "2210"]
[PlyCount "61"]
[EventDate "2011.01.29"]
[EventType "swiss"]
[EventRounds "9"]
[EventCountry "RUS"]
[SourceTitle "EXT 2012"]
[Source "ChessBase"]
[SourceDate "2011.11.24"]
[SourceVersion "1"]
[SourceVersionDate "2011.11.24"]
[SourceQuality "1"]

1. e4 c5 2. Nf3 Nc6 3. c3 d5 4. exd5 Qxd5 5. d4 g6 6. Na3 Bg4 7. Bc4 Qe4+ 8. Be3 cxd4 9. cxd4 e6 10. 0-0 Nf6 11. Nb5 Rc8 12. Re1 Bxf3 13. gxf3 Qh4 14. Qc1 h6 15. Bf4 Bb4 16. Nd6+ Bxd6 17. Bxd6 Nxd4 18. Bb5+ Kd8 19. Qd1 Nxb5 20. Bg3+ Qd4 21. Be5 Qxd1 22. Bxf6+ Kc7 23. Rexd1 a5 24. Rac1+ Kb6 25. a4 Na7 26. Bd4+ Ka6 27. Bxh8 Rxh8 28. Rc7 Rf8 29. Rdd7 Nc6 30. Rxf7 Rd8 31. Rcd7 1-0

[Event "Moscow op-C"]
[Site "Moscow"]
[Date "2011.01.30"]
[Round "2"]
[White "Kharitonov, Alexandr"]
[Black "Shlegin, Stanislav"]
[Result "1-0"]
[WhiteElo "2552"]
[BlackElo "2326"]
[PlyCount "83"]
[EventDate "2011.01.29"]
[EventType "swiss"]
[EventRounds "9"]
[EventCountry "RUS"]
[SourceTitle "EXT 2012"]
[Source "ChessBase"]
[SourceDate "2011.11.24"]
[SourceVersion "1"]
[SourceVersionDate "2011.11.24"]
[SourceQuality "1"]

1. d4 Nf6 2. c4 g6 3. g3 Bg7 4. Bg2 0-0 5. Nc3 d6 6. Nf3 Nbd7 7. 0-0 c6 8. e4 e5 9. h3 Re8 10. Re1 exd4 11. Nxd4 Nc5 12. Bf4 Bf8 13. Qd2 Ne6 14. Nxe6 Bxe6 15. b3 Nh5 16. Bg5 Qa5 17. g4 f6 18. Be3 Ng7 19. Bd4 Be7 20. f4 Bf7 21. f5 g5 22. Rad1 Bd8 23. Kh1 Re5 24. Qb2 Be7 25. b4 Qc7 26. Bf1 b6 27. Rd2 Ne8 28. Red1 h5 29. gxh5 Bxh5 30. Be2 Bxe2 31. Rxe2 Ng7 32. Bxe5 fxe5 33. c5 bxc5 34. Qb3+ Kh8 35. bxc5 dxc5 36. Red2 Rd8 37. Qf7 Rf8 38. Rd7 Qxd7 39. Qxf8+ Bxf8 40. Rxd7 c4 41. Rd8 Kg8 42. Rc8 1-0

[Event "RSSU-chT"]
[Site "Moscow"]
[Date "2010.12.05"]
[Round "5"]
[White "Potapov, Pavel"]
[Black "Shlegin, Stanislav"]
[Result "1-0"]
[WhiteElo "2478"]
[BlackElo "2340"]
[PlyCount "47"]
[EventDate "2010.12.01"]
[EventType "team-swiss"]
[EventRounds "9"]
[EventCountry "RUS"]
[SourceTitle "CBM 139 Extra"]
[Source "ChessBase"]
[SourceDate "2011.01.05"]
[SourceVersion "1"]
[SourceVersionDate "2011.01.05"]
[SourceQuality "1"]

1. e4 c5 2. c3 Nf6 3. e5 Nd5 4. Nf3 b6 5. d4 cxd4 6. cxd4 Bb7 7. Nc3 Nxc3 8. bxc3 e6 9. Bd3 Qc7 10. Bd2 d6 11. 0-0 Nd7 12. Ng5 dxe5 13. Qh5 g6 14. Qh3 Be7 15. Rae1 e4 16. Bxe4 Bxe4 17. Rxe4 Nf6 18. Rf4 Qc6 19. Re1 Rf8 20. Rxf6 Bxf6 21. Nxe6 fxe6 22. Rxe6+ Qxe6 23. Qxe6+ Kd8 24. Bh6 1-0

[Event "Saratov op"]
[Site "Saratov"]
[Date "2010.06.08"]
[Round "8"]
[White "Shlegin, Stanislav"]
[Black "Biryukov, Dmitriy"]
[Result "1-0"]
[WhiteElo "2335"]
[BlackElo "2379"]
[PlyCount "123"]
[EventDate "2010.06.01"]
[EventType "swiss"]
[EventRounds "9"]
[EventCountry "RUS"]
[SourceTitle "CBM 137 Extra"]
[Source "ChessBase"]
[SourceDate "2010.09.01"]
[SourceVersion "1"]
[SourceVersionDate "2010.09.01"]
[SourceQuality "1"]

1. d4 d6 2. c4 g6 3. Nc3 Bg7 4. e4 Nf6 5. Nf3 0-0 6. Be2 e5 7. d5 a5 8. h3 Na6 9. Bg5 Nc5 10. Nd2 Bd7 11. g4 c6 12. Rg1 Qb8 13. a4 Rc8 14. Rg3 Ne8 15. Nb3 Nxb3 16. Qxb3 Nc7 17. h4 Na6 18. Kf1 Qc7 19. Be3 h6 20. h5 g5 21. Bb6 Qb8 22. Bxa5 Nc5 23. Qb4 b6 24. Bxb6 Na6 25. Qb3 Nc5 26. Qa3 Qxb6 27. b4 Nxa4 28. Nxa4 Qd4 29. dxc6 Bxc6 30. b5 Bb7 31. Re3 Rxc4 32. Bxc4 Qxc4+ 33. Qd3 Rxa4 34. Qxc4 Rxc4 35. Ra7 Bxe4 36. b6 Bf8 37. f3 Bc6 38. Rb3 d5 39. b7 Bxb7 40. Rbxb7 Rf4 41. Ra8 Kg7 42. Rbb8 Bc5 43. Rg8+ Kf6 44. Ra6+ Ke7 45. Rxh6 Rxf3+ 46. Ke2 Re3+ 47. Kd1 d4 48. Rc6 Bb4 49. Rb8 Ba5 50. Ra6 Bc3 51. h6 Re1+ 52. Kc2 Kd7 53. Rb7+ Kc8 54. Rxf7 Kb8 55. Rg6 Re2+ 56. Kd3 Re3+ 57. Kc4 Bb4 58. Kxb4 Rc3 59. Rg8+ Rc8 60. h7 d3 61. Rxc8+ Kxc8 62. h8R# 1-0

[Event "Saratov op"]
[Site "Saratov"]
[Date "2010.06.06"]
[Round "6"]
[White "Korchmar, Vasiliy"]
[Black "Shlegin, Stanislav"]
[Result "0-1"]
[WhiteElo "2191"]
[BlackElo "2335"]
[PlyCount "82"]
[EventDate "2010.06.01"]
[EventType "swiss"]
[EventRounds "9"]
[EventCountry "RUS"]
[SourceTitle "CBM 137 Extra"]
[Source "ChessBase"]
[SourceDate "2010.09.01"]
[SourceVersion "1"]
[SourceVersionDate "2010.09.01"]
[SourceQuality "1"]

1. e4 c5 2. Nc3 g6 3. f4 Bg7 4. Nf3 Nc6 5. Bc4 d6 6. d3 e6 7. 0-0 Nge7 8. Qe1 a6 9. Bb3 b5 10. f5 b4 11. Nd1 exf5 12. exf5 Bxf5 13. g4 Bxg4 14. Ng5 Ne5 15. Nxf7 Qd7 16. Nxe5 Bxe5 17. Qe4 Rb8 18. Ne3 Be6 19. Bd2 Rf8 20. c3 Rxf1+ 21. Rxf1 Bxb3 22. axb3 Qe6 23. cxb4 cxb4 24. Qh4 h5 25. d4 Bg7 26. Re1 Qf6 27. Qxf6 Bxf6 28. Nd5 Bxd4+ 29. Kg2 Be5 30. Nc7+ Kd7 31. Nxa6 Rb5 32. Nxb4 Bxb2 33. Re3 Nf5 34. Rd3 Re5 35. Nd5 Re2+ 36. Kg1 Be5 37. Bf4 Ke6 38. b4 Nd4 39. Nc7+ Kf5 40. Bxe5 dxe5 41. Nd5 Ke4 0-1

[Event "Saratov op"]
[Site "Saratov"]
[Date "2010.06.02"]
[Round "2"]
[White "Karibaeva, Elvira"]
[Black "Shlegin, Stanislav"]
[Result "0-1"]
[WhiteElo "2162"]
[BlackElo "2335"]
[PlyCount "102"]
[EventDate "2010.06.01"]
[EventType "swiss"]
[EventRounds "9"]
[EventCountry "RUS"]
[SourceTitle "CBM 137 Extra"]
[Source "ChessBase"]
[SourceDate "2010.09.01"]
[SourceVersion "1"]
[SourceVersionDate "2010.09.01"]
[SourceQuality "1"]

1. e4 c5 2. Nf3 g6 3. d4 cxd4 4. Nxd4 Bg7 5. Nc3 Nc6 6. Nb3 Nf6 7. Be2 0-0 8. 0-0 d6 9. Be3 a5 10. a4 Nb4 11. f4 Bd7 12. Bf3 Bc6 13. Qd2 Nd7 14. Qf2 e5 15. Rfd1 Qe7 16. Nb5 exf4 17. Bxf4 Be5 18. Bxe5 dxe5 19. c3 Na6 20. Nxa5 Nac5 21. b4 Nxa4 22. Nxc6 bxc6 23. Nc7 Rac8 24. Rxa4 Rxc7 25. Be2 Nf6 26. Qh4 Kg7 27. Bc4 Rd8 28. Rf1 Rcd7 29. Ra6 Rd6 30. h3 R8d7 31. Kh2 Ra7 32. Rxa7 Qxa7 33. Qg5 Qe7 34. Ra1 h6 35. Qe3 Rd7 36. Ra6 Rc7 37. Ra5 Nd7 38. Ra8 c5 39. bxc5 Qxc5 40. Qxc5 Rxc5 41. Ba2 Rc7 42. Re8 Kf6 43. Rd8 Ke7 44. Rh8 Nf6 45. Rxh6 Rxc3 46. Bb1 Rb3 47. Bc2 Rb2 48. Bd3 Rd2 49. Bb1 Nh5 50. Rxh5 gxh5 51. Kg3 Rb2 0-1

[Event "Saratov RSOCF Cup"]
[Site "Saratov"]
[Date "2010.01.26"]
[Round "8"]
[White "Dzivodov, Gennadij"]
[Black "Shlegin, Stanislav"]
[Result "1/2-1/2"]
[WhiteElo "2188"]
[BlackElo "2326"]
[PlyCount "24"]
[EventDate "2010.01.19"]
[EventType "swiss"]
[EventRounds "9"]
[EventCountry "RUS"]
[SourceTitle "CBM 134 Extra"]
[Source "ChessBase"]
[SourceDate "2010.03.03"]
[SourceVersion "1"]
[SourceVersionDate "2010.03.03"]
[SourceQuality "1"]

1. e4 c5 2. Nf3 g6 3. d4 cxd4 4. Nxd4 Bg7 5. c4 Nc6 6. Be3 d6 7. Nc3 Nf6 8. Be2 0-0 9. 0-0 Nd7 10. Qd2 Nc5 11. f3 Bd7 12. Rab1 a5 1/2-1/2

[Event "Saratov RCTSGSEU"]
[Site "Saratov"]
[Date "2009.09.26"]
[Round "9"]
[White "Shlegin, Stanislav"]
[Black "Nikolaev, Alexander"]
[Result "1-0"]
[WhiteElo "2311"]
[BlackElo "2119"]
[PlyCount "81"]
[EventDate "2009.09.17"]
[EventType "swiss"]
[EventRounds "9"]
[EventCountry "RUS"]
[SourceTitle "EXT 2012"]
[Source "ChessBase"]
[SourceDate "2011.11.24"]
[SourceVersion "1"]
[SourceVersionDate "2011.11.24"]
[SourceQuality "1"]

1. e4 e6 2. d4 d5 3. Nc3 Bb4 4. exd5 exd5 5. Qf3 Ne7 6. Bd3 Be6 7. Nge2 Nbc6 8. h3 Qd7 9. a3 Bd6 10. Nb5 0-0-0 11. b4 f6 12. Bd2 Ng6 13. Nxd6+ Qxd6 14. b5 Nce7 15. h4 Qd7 16. h5 Nf8 17. a4 Kb8 18. a5 Nc8 19. Qg3 g5 20. 0-0 Qd6 21. Qf3 Nd7 22. Rfb1 Qe7 23. Ng3 Rde8 24. Bb4 Qf7 25. Bf5 Rhg8 26. Qc3 Bxf5 27. Nxf5 Qxh5 28. b6 axb6 29. a6 c6 30. axb7 Kxb7 31. Qa3 Re6 32. Qa8+ Kc7 33. Ra7+ Nxa7 34. Qxa7+ Kc8 35. Nd6+ Kd8 36. Qa8+ Kc7 37. Qb7+ Kd8 38. Qc8+ Ke7 39. Qxg8 Ne5 40. Nc8+ Kd7 41. Nxb6+ 1-0

[Event "Saratov RCTSGSEU"]
[Site "Saratov"]
[Date "2009.09.17"]
[Round "1"]
[White "Shlegin, Stanislav"]
[Black "Fedukin, Alexandre"]
[Result "1-0"]
[WhiteElo "2311"]
[BlackElo "1987"]
[PlyCount "103"]
[EventDate "2009.09.17"]
[EventType "swiss"]
[EventRounds "9"]
[EventCountry "RUS"]
[SourceTitle "EXT 2012"]
[Source "ChessBase"]
[SourceDate "2011.11.24"]
[SourceVersion "1"]
[SourceVersionDate "2011.11.24"]
[SourceQuality "1"]

1. Nf3 e6 2. b3 b6 3. Bb2 Nf6 4. g3 Bb7 5. Bg2 Be7 6. 0-0 d5 7. d4 Nbd7 8. Ne5 Nxe5 9. dxe5 Nd7 10. c4 c6 11. Nd2 f5 12. exf6 Bxf6 13. Bxf6 Qxf6 14. cxd5 exd5 15. e4 0-0 16. exd5 cxd5 17. Nc4 Qc6 18. Rc1 Rac8 19. Qd2 Nf6 20. Na5 Qd7 21. Nxb7 Qxb7 22. Rxc8 Rxc8 23. Rd1 Rd8 24. Rc1 Qd7 25. Qd4 h6 26. a4 Kf8 27. Bf3 Rc8 28. Rxc8+ Qxc8 29. Bxd5 Qc5 30. Qxc5+ bxc5 31. Bc4 Ke7 32. f3 Kd6 33. Kf2 a5 34. Ke3 Ke5 35. Kd3 g5 36. Ba6 Kd6 37. Bb7 Kc7 38. Be4 h5 39. h4 gxh4 40. gxh4 Kb6 41. Kc4 Ne8 42. Kd5 Nc7+ 43. Ke5 Na6 44. Kd6 Nb4 45. f4 Na2 46. f5 Nc3 47. Bd5 Ne2 48. f6 Nf4 49. f7 Ng6 50. Be4 Nf8 51. Ke7 c4 52. bxc4 1-0